[Event "EU-ch (Women) 24th"]
[Site "Rhodes"]
[Date "2024.04.28"]
[Round "9"]
[White "Prado Acebo, Ines"]
[Black "Babiy, Olga"]
[Result "1/2-1/2"]
[WhiteElo "2229"]
[BlackElo "2306"]
[PlyCount "155"]
[EventDate "2024.04.19"]
[EventType "swiss"]
[EventRounds "10"]
[EventCountry "GRE"]
[SourceTitle "CB18_2024"]
[SourceDate "2024.05.01"]
[SourceVersion "1"]
[SourceVersionDate "2024.05.01"]
[SourceQuality "2"]

1. d4 Nf6 2. c4 e6 3. g3 c5 4. d5 exd5 5. cxd5 d6 6. Nc3 g6 7. Bg2 Bg7 8. Nf3 0-0 9. 0-0 a6 10. a4 Nbd7 11. Bf4 Qe7 12. e4 Nh5 13. Bg5 f6 14. Be3 Ne5 15. Nxe5 fxe5 16. Qd2 Rb8 17. a5 b5 18. axb6 Rxb6 19. Ra2 Nf6 20. f3 Qb7 21. Rfa1 Ne8 22. Nb1 Bd7 23. Na3 Rb4 24. Qc1 a5 25. Bd2 a4 26. Nc4 Rf7 27. Bxb4 cxb4 28. Rxa4 Bxa4 29. Rxa4 b3 30. Qc3 Bh6 31. Bh3 Rc7 32. Qb4 Qxb4 33. Rxb4 Bc1 34. Bf1 Kf8 35. Rxb3 Ke7 36. Kf2 h5 37. Bd3 h4 38. Na5 hxg3+ 39. hxg3 Kf6 40. Rb8 Kf7 41. Nc6 Nf6 42. b4 Nd7 43. Ra8 Bg5 44. Ba6 Nb6 45. Rh8 Kg7 46. Rh1 Nd7 47. Ke2 Nb6 48. Kd3 Rf7 49. Rf1 Kg8 50. Na5 Rh7 51. Nc4 Nxc4 52. Kxc4 Rh2 53. Rb1 Be3 54. Rb3 Bg1 55. Kb5 Rc2 56. Bb7 Kf7 57. Bc6 Ra2 58. Bb7 Rc2 59. Ra3 Rb2 60. Rc3 Ke7 61. Ka4 g5 62. Bc8 Bf2 63. Bg4 Bxg3 64. Rc7+ Ke8 65. Rc1 Bf4 66. Rc8+ Ke7 67. Rc7+ Kf8 68. Ka3 Rb1 69. Rc2 Bg3 70. Bd7 Be1 71. Rc4 Ke7 72. Ba4 Ra1+ 73. Kb3 Rb1+ 74. Kc2 Rxb4 75. Rc7+ Kf8 76. Rc8+ Ke7 77. Bc6 Rd4 78. Re8+ 1/2-1/2

[Event "Guimaraes op"]
[Site "Guimaraes"]
[Date "2021.08.25"]
[Round "3"]
[White "Veiga, Jose Francisco RP"]
[Black "Prado Acebo, Ines"]
[Result "1-0"]
[WhiteElo "2389"]
[BlackElo "2130"]
[PlyCount "59"]
[EventDate "2021.08.24"]
[EventType "swiss"]
[EventRounds "9"]
[EventCountry "POR"]
[SourceTitle "CBM 204 Extra"]
[Source "ChessBase"]
[SourceDate "2021.11.30"]
[SourceVersion "1"]
[SourceVersionDate "2021.11.30"]
[SourceQuality "1"]

1. e4 c5 2. Nf3 e6 3. b3 a6 4. Bb2 Nc6 5. Bd3 Nf6 6. e5 Nd5 7. Be4 Nde7 8. Nc3 d5 9. exd6 Qxd6 10. 0-0 f5 11. Bxc6+ Nxc6 12. Re1 Be7 13. Na4 Nd4 14. Ne5 0-0 15. Nc4 Qc6 16. Nab6 Rb8 17. a4 Rf6 18. Bxd4 cxd4 19. Qe2 Qc7 20. Qe5 Qxe5 21. Nxe5 Rh6 22. a5 Bc5 23. Ra4 Bxb6 24. axb6 Kf8 25. Rxd4 Ke7 26. Re3 Rf6 27. Rc3 Rf8 28. Rc7+ Kf6 29. f4 g5 30. Rd8 1-0

[Event "Lugo Teu Xacobeo"]
[Site "Lugo"]
[Date "2021.06.21"]
[Round "5"]
[White "Van Dael, Siem"]
[Black "Prado Acebo, Ines"]
[Result "1-0"]
[WhiteElo "2333"]
[BlackElo "2135"]
[PlyCount "91"]
[EventDate "2021.06.18"]
[EventType "tourn"]
[EventRounds "9"]
[EventCountry "ESP"]
[EventCategory "3"]
[SourceTitle "CBM 203 Extra"]
[Source "ChessBase"]
[SourceDate "2021.09.30"]
[SourceVersion "1"]
[SourceVersionDate "2021.09.30"]
[SourceQuality "1"]

1. e4 c5 2. Nf3 e6 3. d4 cxd4 4. Nxd4 a6 5. c4 Nf6 6. Nc3 Bb4 7. Qd3 0-0 8. Be2 d6 9. 0-0 Nbd7 10. f3 Ne5 11. Qc2 Bc5 12. Be3 Nc6 13. Qd2 Bd7 14. Nb3 Bxe3+ 15. Qxe3 Qc7 16. Rac1 Rfe8 17. Rfd1 Rad8 18. Kh1 Ne5 19. Qd2 Bc8 20. Qd4 Nc6 21. Qf2 Qe7 22. Bf1 Nd7 23. Nd4 Nde5 24. Nxc6 bxc6 25. f4 Ng4 26. Qg3 f5 27. Be2 e5 28. exf5 Nh6 29. fxe5 Nxf5 30. Qf3 dxe5 31. Bd3 Nd4 32. Qe3 Rd6 33. Rf1 Rh6 34. Qg3 Rh4 35. Rce1 Rg4 36. Qf2 Rg5 37. c5 Be6 38. Qh4 Bf5 39. Bc4+ Be6 40. Bd3 Bf5 41. Ne4 Bxe4 42. Qxe4 g6 43. Bc4+ Kh8 44. Rf7 Qd8 45. g4 h5 46. gxh5 1-0

[Event "Galicia-ch"]
[Site "Padron"]
[Date "2021.04.03"]
[Round "5"]
[White "Prado Acebo, Ines"]
[Black "Pena Varela, Martin"]
[Result "0-1"]
[WhiteElo "2166"]
[BlackElo "1970"]
[PlyCount "70"]
[EventDate "2021.04.01"]
[EventType "swiss"]
[EventRounds "8"]
[EventCountry "ESP"]
[SourceTitle "CBM 201 Extra"]
[Source "ChessBase"]
[SourceDate "2021.05.31"]
[SourceVersion "1"]
[SourceVersionDate "2021.05.31"]
[SourceQuality "1"]

1. d4 Nf6 2. c4 d5 3. Nc3 e6 4. cxd5 exd5 5. Bg5 Be7 6. Qc2 h6 7. Bh4 0-0 8. e3 c5 9. dxc5 Nc6 10. Rd1 Qa5 11. Nf3 Qxc5 12. Be2 Be6 13. Qb1 Rfd8 14. Nd4 Nxd4 15. Rxd4 g5 16. Bg3 Ne4 17. 0-0 Nxc3 18. bxc3 Bf6 19. Rb4 b6 20. Rc1 Qa5 21. h4 Rac8 22. hxg5 hxg5 23. Rb5 Qa3 24. c4 dxc4 25. Be5 Bxe5 26. Rxe5 Kf8 27. Rxg5 c3 28. Bg4 Bxg4 29. Rxg4 Qb2 30. Rb4 Qxb1 31. Rbxb1 c2 32. Ra1 b5 33. a3 a5 34. Kf1 b4 35. Ke2 b3 0-1

[Event "Guimaraes op 3rd"]
[Site "Guimaraes"]
[Date "2019.09.01"]
[Round "7"]
[White "Espineira Gonzalez, Diego Adrian"]
[Black "Prado Acebo, Ines"]
[Result "1-0"]
[WhiteElo "2362"]
[BlackElo "2142"]
[PlyCount "71"]
[EventDate "2019.08.28"]
[EventType "swiss"]
[EventRounds "7"]
[EventCountry "POR"]
[SourceTitle "EXT 2020"]
[Source "ChessBase"]
[SourceDate "2019.10.17"]
[SourceVersion "1"]
[SourceVersionDate "2019.10.17"]
[SourceQuality "1"]

1. e4 e6 2. d4 d5 3. Nd2 c5 4. exd5 Qxd5 5. Ngf3 cxd4 6. Bc4 Qd7 7. 0-0 Nc6 8. Nb3 Nf6 9. Nbxd4 Nxd4 10. Nxd4 a6 11. Bb3 Bc5 12. Be3 Qc7 13. Qe2 0-0 14. c3 e5 15. Nc2 Bg4 16. Qc4 Rac8 17. Qxc5 Qxc5 18. Bxc5 Rxc5 19. Ne3 Bd7 20. Rad1 Rfc8 21. Rd2 Kf8 22. Rfd1 Ke8 23. f3 a5 24. Nd5 Nxd5 25. Bxd5 Bc6 26. Bxc6+ R5xc6 27. Re2 f6 28. f4 Kf8 29. fxe5 Re8 30. Rd5 a4 31. Ra5 b5 32. a3 Rb6 33. e6 Ke7 34. Kf2 Kd6 35. Ra7 Re7 36. Rd2+ 1-0

[Event "ESP-chT CECLUB Div1"]
[Site "Linares"]
[Date "2018.08.12"]
[Round "7.3"]
[White "Argandona Riveiro, Inigo"]
[Black "Prado Acebo, Ines"]
[Result "1-0"]
[WhiteElo "2415"]
[BlackElo "2084"]
[PlyCount "51"]
[EventDate "2018.08.06"]
[EventType "team-tourn"]
[EventRounds "7"]
[EventCountry "ESP"]
[SourceTitle "CBM 185 Extra"]
[Source "ChessBase"]
[SourceDate "2018.07.29"]
[SourceVersion "1"]
[SourceVersionDate "2018.07.29"]
[SourceQuality "1"]
[WhiteTeam "Taldea Gros Xake"]
[BlackTeam "Solvay II"]
[WhiteTeamCountry "ESP"]
[BlackTeamCountry "ESP"]

1. Nf3 d5 2. d4 Nf6 3. c4 e6 4. g3 Be7 5. Bg2 0-0 6. Qc2 a6 7. Nbd2 dxc4 8. Nxc4 b5 9. Nce5 Bb7 10. Bd2 Be4 11. Qc1 Nfd7 12. Nxd7 Qxd7 13. 0-0 Ra7 14. Ne5 Qd5 15. f3 c5 16. e3 cxd4 17. fxe4 Qxe5 18. exd4 Qd6 19. Bf4 Qd7 20. d5 exd5 21. exd5 Bf6 22. Kh1 a5 23. Qd2 Rd8 24. Rac1 Na6 25. d6 Rc8 26. Be3 1-0

[Event "ESP-ch 82nd"]
[Site "Las Palmas"]
[Date "2017.10.04"]
[Round "6"]
[White "Prado Acebo, Ines"]
[Black "Suarez Uriel, Adrian"]
[Result "0-1"]
[WhiteElo "2104"]
[BlackElo "2406"]
[PlyCount "114"]
[EventDate "2017.09.29"]
[EventType "swiss"]
[EventRounds "9"]
[EventCountry "ESP"]
[SourceTitle "CBM 181 Extra"]
[Source "ChessBase"]
[SourceDate "2017.12.12"]
[SourceVersion "1"]
[SourceVersionDate "2017.12.12"]
[SourceQuality "1"]

1. d4 Nf6 2. c4 g6 3. Nc3 d5 4. cxd5 Nxd5 5. e4 Nxc3 6. bxc3 Bg7 7. Nf3 c5 8. Be3 Qa5 9. Nd2 cxd4 10. Nc4 Qd8 11. cxd4 0-0 12. Rc1 Nd7 13. Be2 b5 14. Nd2 a6 15. 0-0 Bb7 16. Qb3 e6 17. a4 Nb6 18. axb5 a5 19. Rfd1 a4 20. Qa2 a3 21. Bf4 Qxd4 22. Be3 Qb2 23. Rc2 Qxa2 24. Rxa2 Na4 25. Rxa3 Nc3 26. Rxa8 Rxa8 27. Re1 Nxe2+ 28. Rxe2 Ra1+ 29. Nf1 Bxe4 30. Rd2 Bd5 31. Rc2 h5 32. b6 Bb7 33. Rc7 Ba6 34. Rc1 Rxc1 35. Bxc1 Kf8 36. Bf4 Bd4 37. Be3 e5 38. Nd2 Ke7 39. Nc4 Bc3 40. Bd2 Bxd2 41. Nxd2 Kd6 42. Ne4+ Kc6 43. b7 Bxb7 44. Ng5 f5 45. Nf7 Kd5 46. Nh8 g5 47. g4 hxg4 48. Nf7 Bc8 49. Nxg5 f4 50. Nh7 Bf5 51. Nf6+ Kd4 52. Ne8 Kd3 53. Nd6 Bg6 54. Kf1 e4 55. Nc8 e3 56. fxe3 Kxe3 57. Ne7 Be4 0-1

[Event "ESP-chT CECLUB Div1"]
[Site "Linares"]
[Date "2017.08.14"]
[Round "1.3"]
[White "Prado Acebo, Ines"]
[Black "Collazo Hidalgo Gato, Niala"]
[Result "1-0"]
[WhiteElo "2107"]
[BlackElo "2198"]
[PlyCount "103"]
[EventDate "2017.08.14"]
[EventType "team"]
[EventRounds "7"]
[EventCountry "ESP"]
[SourceTitle "CBM 180 Extra"]
[Source "ChessBase"]
[SourceDate "2017.10.06"]
[SourceVersion "1"]
[SourceVersionDate "2017.10.06"]
[SourceQuality "1"]
[WhiteTeam "Solvay II"]
[BlackTeam "Collado Villalba"]
[WhiteTeamCountry "ESP"]
[BlackTeamCountry "ESP"]

1. d4 d6 2. Nf3 Nd7 3. c4 g6 4. Nc3 Bg7 5. e4 e5 6. d5 a5 7. Bg5 Ngf6 8. Bd3 Nc5 9. Bc2 h6 10. Be3 b6 11. h3 Nh5 12. 0-0 0-0 13. Qd2 g5 14. a3 Nf4 15. b4 Na6 16. Nh2 Bd7 17. Rfb1 h5 18. f3 Kh8 19. Ne2 Rg8 20. Nxf4 gxf4 21. Bf2 Qf6 22. Bd3 Bh6 23. Kh1 Bg5 24. Qe1 Rg6 25. Ra2 a4 26. Rc2 Rag8 27. c5 Nb8 28. cxb6 cxb6 29. Bxb6 Bh4 30. Qf1 Bg3 31. Bg1 Qh4 32. Bb5 Qf6 33. Bxd7 Nxd7 34. b5 Nc5 35. b6 Rb8 36. Bxc5 dxc5 37. b7 Qe7 38. Qb5 Rgg8 39. Rxc5 Bf2 40. Rc2 Qh4 41. Qf1 Bd4 42. Qa6 Kh7 43. d6 Rg6 44. Qc4 Rg7 45. d7 f5 46. Qc7 Ba7 47. Qxe5 Rxb7 48. Qxf5+ Rg6 49. Rd1 Bb6 50. Rc6 Qg5 51. Qxg5 Rxg5 52. Rxb6 1-0